TXT Members - Statistics

General Stats
  • This quiz has been taken 999 times
  • The average score is 5 of 5
Answer Stats
Hint Answer % Correct
Leader Soobin
99%
Third Oldest/Youngest Beomgyu
97%
Oldest Member Yeonjun
97%
Owner of Hobak Taehyun
95%
Youngest Member Huening Kai
94%
No matching quizzes found
Score Distribution
Percent of People with Each Score
Percentile by Number Answered
Your Score History
You have not taken this quiz